La canzone di Achille /
Guardat en:
| Autor principal: | |
|---|---|
| Altres autors: | , |
| Format: | Llibre |
| Idioma: | italià |
| Publicat: |
Venezia :
Marsilio,
2022
|
| Col·lecció: | Universale economica
|
| Etiquetes: |
Sense etiquetes, Sigues el primer a etiquetar aquest registre!
|
MARC
| LEADER | 00000nam a22000007i 4500 | ||
|---|---|---|---|
| 001 | IT\ICCU\TO1\0041209 | ||
| 003 | ItRI | ||
| 005 | 20250423163709.0 | ||
| 008 | 230127s2022 it |||||| ||||| |||||c | ||
| 020 | |a 9788831780988 (21. ed. settembre 2022) | ||
| 040 | |b ita |c GP | ||
| 041 | 7 | |a ita |2 ISO-639-2 | |
| 082 | |a 813.6 |2 23 | ||
| 100 | 1 | |a Miller, Madeline |0 IT\ICCU\MODV\649412 |4 aut | |
| 240 | 1 | 4 | |a The song of Achilles |9 Miller, Madeline |
| 245 | 1 | 3 | |a La canzone di Achille / |c Madeline Miller ; traduzione di Matteo Curtoni e Maura Parolini. |
| 260 | |a Venezia : |b Marsilio, |c 2022 | ||
| 300 | |a 382 p. ; |c 20 cm. | ||
| 700 | 1 | |a Curtoni, Matteo |0 IT\ICCU\CFIV\146819 |4 trl | |
| 700 | 1 | |a Parolini, Maura |0 IT\ICCU\LO1V\162574 |4 trl | |
| 830 | 0 | |a Universale economica |0 IT\ICCU\CFI\0001103 | |
| 942 | |2 ddc |c BK | ||
| 952 | |0 0 |1 0 |2 ddc |4 0 |6 813_600000000000000_MIL |7 1 |9 3962 |a RM |b RM |d 2025-04-23 |l 0 |o 813 6 MIL |p 893 |r 2025-04-23 16:38:28 |w 2025-04-23 |y BK | ||
| 981 | 1 | |6 z01 |a i |b xxxe | |
| 982 | 1 | |6 z01 |a n | |
| 999 | |c 3085 |d 3085 | ||